Statystyki dla Angielskie słówka 1

Kliknij tutaj aby rozwiązać quiz!

Ogólne statystyki

  • Ten quiz został rozwiązany 469 razy
    (418 od ostatniego zresetowania)
  • Średni wynik to 17 z 22

Statystyki odpowiedzi

Angielskie słówkoTłumaczenie% Poprawnych
CreativeKreatywny
95%
StupidGłupi
94%
HelpfulPomocny
91%
PrettyŁadny
89%
UglyBrzydki
86%
UmbrellaParasol
86%
LuckySzczęśliwy
86%
HealthyZdrowy
86%
AloneSamotny
84%
Sick/illChory
83%
Curly (hair)Kręcone
82%
FriendlyPrzyjacielski
82%
CoolFajny
79%
BeardBroda
74%
BaldŁysy
71%
CoatPłaszcz
68%
ThankfulWdzięczny
68%
HandsomePrzystojny
67%
WeirdDziwny
66%
CleverInteligentny
66%
KindMiły
66%
MoustacheWąsy
64%

Rozkład punktacji

Percentyl według liczby udzielonych odpowiedzi

Procent ludzi z każdym wynikiem

Twoja historia wyników

Nie rozwiązałeś tego quizu od ostatniego zresetowania